La Porca i vibriàtica teclúria [Multimèdia] / Carles Santos
ISBN:
84-605-0521-9
Descripción Física:
1 disc òptic (CD) + 1 videocasset (VHS) + 1 llibre (11x7 cm) + 1 trosset de mar (petjapapers) ; en una capsa de 29 x 29 cm
Materias:
Piano, Música per a
MARC
| LEADER | 00000nam a2200000Ia 4500 | ||
|---|---|---|---|
| 001 | 17121 | ||
| 008 | 160829s9999 xx 000 0 cat d | ||
| 020 | |a 84-605-0521-9 | ||
| 080 | |a FOL-2-87 | ||
| 100 | |a Santos, Carles |9 23547 | ||
| 245 | |a La Porca i vibriàtica teclúria [Multimèdia] / Carles Santos | ||
| 260 | |a Barcelona : |b Plusmusic, DL 1994 | ||
| 300 | |a 1 disc òptic (CD) + 1 videocasset (VHS) + 1 llibre (11x7 cm) + 1 trosset de mar (petjapapers) ; |c en una capsa de 29 x 29 cm | ||
| 590 | |a Títol del vídeocasset: Roni. | ||
| 590 | |a En un contenidor 26x25 cm | ||
| 650 | |a Piano, Música per a |9 44578 | ||
| 901 | |a Arxiu | ||
| 942 | |n 1 | ||
| 952 | |0 0 |1 0 |4 0 |6 FOL287 |7 1 |9 42747 |a Arxiu |b Arxiu |d 2016-12-01 |l 0 |o FOL-2-87 |p 17121 |r 2016-12-01 00:00:00 |w 2016-12-01 |y ARXIU | ||
| 999 | |c 45253 |d 45253 | ||